LEADER 01013nam a2200241 i 4500 001 000000230603 003 CaOOAMICUS 005 20140612000000.0 008 140612n it u000 u ita u 013 $a209505 040 $aSeMil$bita 100 1 $aMaugeri Salerno, Mirella.$0(OLS)http://semarc/name/79450 245 10$aAnalogie heideggeriane in Trovarsi di Luigi Pirandello /$cMirella Maugeri Salerno. 260 $aCatania :$bMarino,$c[198-?] 300 $aP. 79-82 ;$c25 cm. 500 $aEstratto da : Le ragioni critiche, gennaio giugno 1981. - Fondo card. Giovanni Colombo. 600 14$aPirandello, Luigi <1867-1936>.$0(OLS)http://semarc/subject/27289 850 $aSeMil 852 $aSeMil$W1$xVenegono$y1$m3GC V 56 =$j180949$B180949$CSeMilBibl$Z2$F191766 $8B 941 1 $a3 961 $aLascito: Colombo Card. Giovanni 996 $6245$aAnalogie heideggeriane in Trovarsi di Luigi Pirandello$9(OLS)http://semarc/title/329464 996 $6260$aCatania :$bMarino$9(OLS)http://semarc/publisher/53809 LEADER 00697nam a2200169 i 4500 001 000000019808 003 CaOOAMICUS 005 20180830125444.0 008 180830s1945 it u000 u ita u 040 $aSeMil$bita 245 10$aRiflessioni sui miei contemporanei. 300 $av. 700 1 $aBaudelaire, Charles <1821-1867>.$0(OLS)http://semarc/name/8854 773 0 $tTutte le opere di Charles Baudelaire.$dMilano : Edizioni dell'Esame, 1945.$w()19807 774 0 $tTutte le pagine di critica d'arte.$kMaestri e precursori$g1$w()173318 774 0 $tTutte le pagine di critica letteraria.$kMaestri e precursori$g2$w()173320 996 $6245$aRiflessioni sui miei contemporanei$9(OLS)http://semarc/title/26068